000 00292nam a2200121Ia 4500
005 20251222144733.0
008 251222s9999||||xx |||||||||||||| ||spa||
082 _a704.948.207/S58
245 0 _aMuseu de Arte Sacra de São Paulo
250 _a1ra.ed.
264 _bBanco Safra
942 _cLIB
999 _c18677
_d18677